01702nam a2200313Ia 450000500170000000800390001702000150005604100080007108200210007910000310010024501640013125000220029526401150031730000560043233600270048833700330051533800280054850000730057650400360064950504090068560000480109465000400114265000410118265000310122365000440125470000270129870000280132504000350135320220316235415.0121119s1998 ck ao gr 001 0 spa a95896201670 aspa04a927.59861 bE76g1 aGonzález, Beatriz,d193810aJosé María Espinosababanderado del arte en el siglo XIXcBeatriz González ; edición a cargo de Martha Segura ; fotografías de Julio César Flórez aPrimera edición 1aBogotábMuseo Nacional de ColombiabMinisterio de CulturabBanco de la RepúblicabEl Ancora Editoresc1998 a336 páginasbilustraciones y fotografíasc30 cm atextobtxt2rdacontent asin mediaciónbn2rdamedia avolumenbnc2rdacarrier aIncluye índice onomástico y apéndice biográfico de láminas aIncluye bibliografía escogida0 ac.1. El año en que nació Espinosa -- c.2. Actor y testigo de batallas -- c.3. Un dibujante en los inicios de la República -- c.4. Mi profesión de pintor y retratista -- c.5. El miniaturista -- c.6. El retratista del libertador -- c.7. Sus grabados: memoria de la patria -- c.8. El caricaturista -- c.9. Pintos de historia y de paisaje -- c.10. Un autodidacta entre el clasicismo y el romanticismo14aEspinosa Prieto, José María,d1796-1883142LEMBaPintura colombianaySiglo XIX142LEMBaPintura de retratosySiglo XIX14aGrabados colombianos2LEMB142LEMBaMiniaturas colombianasySiglo XIX1 aSegura, Marthaeeditor1 aFlórez, Julio César aCO-BoRNBPbspaerdacCO-BoRNBP